000 00683nam a2200289Ia 4500
005 20260324134729.0
008 008 260324s9999 xx 000 0 eng d
020 _a9781315069104
037 _aEBOOK
040 _aCRL
040 _beng
040 _cCRL
041 _2eng
041 _aeng
084 _qCRL
100 _aJanet Evans
_91158065
245 4 _aThe Writing Classroom
245 0 _bAspects of Writing and the Primary Child 3-11
260 _bTaylor and Francis
260 _c2001
365 _a
365 _b230
856 _uhttp://www.taylorfrancis.com/books/9781315069104
942 _cEBOOK
999 _c1798311
_d1798311